00433 a2200133 4500020001500000020001800015082001200033100002000045245008600065260003900151300002100190490004400211830004400255 a0444521976 a978044452197204a515.3521 aZhang, Wei-Bin.10aDiscrete dynamical systems, bifurcations and chaos in economics /cWei-Bin Zhang. a[S.l.] :bElsevier Science,c2006. a460 p. ;c24 cm.1 aMathematics in science and engineering. 0aMathematics in science and engineering.